LEADER 01275nam0-22004091i-450- 001 990006624830403321 005 20101109170809.0 010 $a88-06-14031-0$bvol. 1.1 010 $a88-06-14032-9$bvol. 1.2 035 $a000662483 035 $aFED01000662483 035 $a(Aleph)000662483FED01 035 $a000662483 100 $a20101109d1996----km-y0itay50------ba 101 0 $aita 102 $aIT 105 $ay-------001yy 200 1 $aMussolini l'alleato$fRenzo De Felice 210 $aTorino$cEinaudi$d1996 215 $a2 v.$d21 cm 225 1 $aEinaudi tascabili$v395$v396 327 1 $a1.1 : L'Italia in guerra, 1940-1943 : Dalla guerra breve alla guerra lunga$a1.2 : L'Italia in guerra, 1940-1943 : crisi e agonia del regime 610 0 $aItalia$aStoria (1940-1943) 610 0 $aFascismo$aItalia$aStoria (1940-1943) 676 $a945.091 5 676 $a320.533 094 5 700 1$aDe Felice,$bRenzo$f<1929-1996>$0123070 801 0$aIT$bUNINA$gRICA$2UNIMARC 901 $aBK 912 $a990006624830403321 952 $aCollez. 77 (183) 1.II$fFSPBC 952 $aCollez. 77 (183) 1.I$fFSPBC 952 $a945.0915 DEF 1,4/1,2$b6559$fBFS 959 $aFSPBC 959 $aBFS 996 $aMussolini l'alleato$9505868 997 $aUNINA LEADER 02080oam 2200541 c 450 001 9910563070703321 005 20240525094506.0 024 7 $a10.3726/b12734 035 $a(CKB)4340000000238781 035 $a(oapen)https://directory.doabooks.org/handle/20.500.12854/29306 035 $a(PH02)9783954792139 035 $a(oapen)doab29306 035 $a(EXLCZ)994340000000238781 100 $a20240525d1988 uy 0 101 0 $ager 135 $aurnnunnnannuu 181 $ctxt$2rdacontent 182 $cc$2rdamedia 183 $acr$2rdacarrier 200 10$aAndrzej Kus?niewicz' synkretistische Romanpoetik$fHans-Peter Hoelscher-Obermaier 205 $a1st, New ed. 210 $aFrankfurt a.M$cPH02$d1988 215 $a1 online resource (248 p.)$c, EPDF 225 0 $aSlavistische Beitra?ge$v227 300 $aPeter Lang GmbH, Internationaler Verlag der Wissenschaften 311 08$a3-95479-213-3 327 $aEinleitung - Zum Aufbau literarischer Erza?hltexte - Andrzej Kus?niewicz' fru?he Romane - Grundelemente Kus?niewiczscher Romanpoetik - Synkretismus als Prinzip 330 $aIn der Reihe Slavistische Beitra?ge werden vor allem slavistische Dissertationen des deutschsprachigen Raums sowie vereinzelt auch amerikanische, englische und russische publiziert. Daru?ber hinaus stellt die Reihe ein Forum fu?r Sammelba?nde und Monographien etablierter Wissenschafter/innen dar. 606 $aLiterature & literary studies$2bicssc 610 $aAndrzej 610 $aHoelscher 610 $aKu?niewicz 610 $aLinguistik 610 $aLiteraturwissenschaft 610 $aObermaier 610 $aPhilologie 610 $aPolen 610 $aRomanpoetik 610 $aSlavische Sprachwissenschaft 610 $asynkretistische 615 7$aLiterature & literary studies 700 $aHoelscher-Obermaier$b Hans-Peter$4aut$01291808 801 0$bPH02 801 1$bPH02 906 $aBOOK 912 $a9910563070703321 996 $aAndrzej Ku?niewicz' synkretistische Romanpoetik$93021948 997 $aUNINA